The answer ends with a T - Statistics

General Stats
  • This quiz has been taken 58 times
  • The average score is 7 of 15
Answer Stats
Hint Answer % Correct
Popular feline domestic pet Cat
98%
Mechanical Human? Robot
96%
Country whose capital is Cairo Egypt
90%
Item used in Baseball & Cricket Bat
83%
Capital of Morocco Rabat
69%
US singer whose hits include Shake It Off and It's Over Now Taylor Swift
60%
Capital of Uzbekistan Tashkent
46%
US state whose capital is Hartford Connecticut
44%
UK pop group whose hits include Poppa Joe & Ballroom Blitz Sweet
29%
Lead singer of The Pet Shop Boys Neil Tennant
17%
Worn under a dress Petticoat
17%
Used mainly to cover flat roofs to stop leaks Asphalt
15%
UK dish of meat, vegetables & gravy with a crispy potato topping Hotpot
15%
UK singer who had hits with Pretend & My Coo Ca Choo Alvin Stardust
13%
Type of bean used for baked beans Haricot
12%
No matching quizzes found
Score Distribution
Percent of People with Each Score
Percentile by Number Answered
Your Score History
You have not taken this quiz